书目信息 |
| 题名: |
山居闲话
|
|
| 作者: | 徐志摩 著 | |
| 分册: | ||
| 出版信息: | 北京 北京大学出版社 2009.01 |
|
| 页数: | 260页 | |
| 开本: | 25cm | |
| 丛书名: | 大学者随笔书系 | |
| 单 册: | ||
| 中图分类: | I266.1 | |
| 科图分类: | ||
| 主题词: | 随笔--sui bi--中国--现代--选集 | |
| 电子资源: | ||
| ISBN: | 978-7-301-14647-7 | |
| 000 | 00943nam 2200265 450 | |
| 001 | 012009037265 | |
| 005 | 20090506080616.93 | |
| 010 | @a978-7-301-14647-7@dCNY37.00 | |
| 100 | @a20090506d2009 em y0chi0120 ea | |
| 101 | 0 | @achi |
| 102 | @aCN@b110000 | |
| 105 | @ay z 000cy | |
| 106 | @ar | |
| 200 | 1 | @a山居闲话@Ashan ju xian hua@e徐志摩随笔@f徐志摩著@Fxu zhi mo zhu |
| 210 | @a北京@c北京大学出版社@d2009.01 | |
| 215 | @a260页@d25cm | |
| 225 | 2 | @a大学者随笔书系@Ada xue zhe sui bi shu xi |
| 330 | @a徐志摩的随笔作品既洋溢着澎湃的激情,也散发着浓郁的生活气息,清新淡雅,令人回味无穷,是随笔中的精品。这部随笔集精选了作者的随笔作品60篇,代表着中国现代随笔作品的较高成就。 | |
| 410 | 0 | @12001 @a大学者随笔书系 |
| 517 | 1 | @a徐志摩随笔@Axu zhi mo sui bi |
| 606 | 0 | @a随笔@Asui bi@y中国@z现代@j选集 |
| 690 | @aI266.1@v4 | |
| 701 | 0 | @a徐志摩@Axu zhi mo@4著 |
| 801 | 0 | @aCN@bQSSK@c20090506 |
| 905 | @b742711-13@dI266.1@eX844@f3 | |
| 山居闲话:徐志摩随笔/徐志摩著.-北京:北京大学出版社,2009.01 |
| 260页;25cm.-(大学者随笔书系) |
| ISBN 978-7-301-14647-7:CNY37.00 |
| 徐志摩的随笔作品既洋溢着澎湃的激情,也散发着浓郁的生活气息,清新淡雅,令人回味无穷,是随笔中的精品。这部随笔集精选了作者的随笔作品60篇,代表着中国现代随笔作品的较高成就。 |
| ● |
| 相关链接 |
|
|
|
正题名:山居闲话
索取号:I266.1/X844
 
预约/预借
| 序号 | 登录号 | 条形码 | 馆藏地/架位号 | 状态 | 备注 |
| 1 | 742711 | 207427113 | 文学库116/116文学库 2排3列6层/ [索取号:I266.1/X844] | 在馆 | |
| 2 | 742712 | 207427122 | 文学库116/116文学库 2排3列6层/ [索取号:I266.1/X844] | 在馆 | |
| 3 | 742713 | 207427131 | 社科二线400B/400B社科库 25排2列2层/ [索取号:I266.1/X844] | 在馆 |